| Tag |
First Indicator |
Second Indicator |
Subfields |
| LEADER |
00000pam a22000004a 4500 |
| 001 |
in00001694313 |
| 005 |
20151024132713.0 |
| 008 |
011227s2002 nyu b 001 0 eng |
| 010 |
|
|
|a 2001059623
|
| 020 |
|
|
|a 1590331966
|
| 035 |
|
|
|a (OCoLC)ocm48795984
|
| 040 |
|
|
|a DLC
|c DLC
|d YDX
|d TXA
|d UtOrBLW
|
| 042 |
|
|
|a pcc
|
| 049 |
|
|
|a TXAM
|
| 050 |
0 |
0 |
|a LB2806.36
|b .C535 2002
|
| 082 |
0 |
0 |
|a 371.01
|2 21
|
| 245 |
0 |
0 |
|a Charter schools /
|c Thomas Murphy, editor.
|
| 264 |
|
1 |
|a New York :
|b Nova Science Publishers,
|c [2002]
|
| 264 |
|
4 |
|c ©2002
|
| 300 |
|
|
|a 129 pages ;
|c 23 cm.
|
| 336 |
|
|
|a text
|b txt
|2 rdacontent
|
| 337 |
|
|
|a unmediated
|b n
|2 rdamedia
|
| 338 |
|
|
|a volume
|b nc
|2 rdacarrier
|
| 504 |
|
|
|a Includes bibliographical references (pages [81]-116) and indexes.
|
| 650 |
|
0 |
|a Charter schools.
|
| 700 |
1 |
|
|a Murphy, Thomas
|q (Thomas Zacharaiah)
|
| 994 |
|
|
|a E0
|b TXA
|
| 948 |
|
|
|a cataloged
|b h
|c 2002/5/29
|d c
|e ceaton
|f 10:59:24 am
|
| 999 |
|
|
|a MARS
|
| 999 |
f |
f |
|s 20531320-a67f-355f-b242-7a3057a2e074
|i c7835d83-32e2-343f-9912-5d67bdc5847a
|t 0
|
| 952 |
f |
f |
|p normal
|a Texas A&M University
|b College Station
|c Sterling C. Evans Library
|d Evans: Library Stacks
|t 0
|e LB2806.36 .C535 2002
|h Library of Congress classification
|i unmediated -- volume
|m A14828906219
|
| 998 |
f |
f |
|a LB2806.36 .C535 2002
|t 0
|l Evans: Library Stacks
|